Statistiques concernant Ecrivains de A à Z

Cliquez ici pour prendre le quiz!

Statistiques générales

  • Ce quiz a été pris 370 fois
  • Le résultat moyen est 11 sur 25

Statistiques - réponses

LettreIndiceRéponse% Correct
ZChef de file du naturalisme, il publia un célèbre article dans "L'Aurore"Zola
86%
YLa première femme élue à l'Académie françaiseYourcenar
73%
IMaître de l'absurde d'origine roumaineIonesco
67%
MPhilosophe des Lumières, Père des démocraties occidentalesMontesquieu
61%
HIl dit à quinze ans "Je veux être Chateaubriand ou rien"Hugo
60%
SDe son vrai nom Amandine Aurore Lucile Dupin de Francueil
Sand
57%
CMartiniquais mort en 2008, précurseur de la "négritude"Césaire
55%
OAcadémicien décédé en 2017Ormesson
55%
VIl fut "prince des poètes"Verlaine
52%
KAuteur de "L'insoutenable légèreté de l'être"Kundera
50%
DElle remporta le prix Goncourt en 1984Duras
46%
P"Longtemps je me suis couché de bonne heure"Proust
45%
EGrand poète de la résistance avec le AEluard
44%
APoète du dadaïsme ayant écrit sous le pseudonyme "Arnaud Saint Romain"Aragon
43%
R"Pour qui sont ces serpents qui sifflent sur vos têtes"Racine
43%
JAuteur de la pièce "Ubu roi"Jarry
41%
QAvec Le Lionnais, il fonda l'OulipoQueneau
39%
BAuteur de "Ravage" et "Le Grand Secret", entre autresBarjavel
38%
WNée d'une famille juive alsacienne, cette militante anarchiste s'engagea dans la RésistanceWeil
38%
GCritique d'Art connu pour avoir écrit "Capitaine Fracasse"Gautier
34%
FPère de Frédéric MoreauFlaubert
21%
LLa Belle cordière, poétesse de l'École de LyonLabé
15%
UIl écrivit "l'Astrée"Urfé
14%
NElle est la soeur de François 1erNavarre
11%
TSalonnière célèbre et mère de Jean d'AlembertTencin
4%

Distribution des résultats

Percentile par nombre de réponses

% des personnes avec chaque résultat

Votre développement - résultats

Vous n’avez pas pris ce quiz